01671naa a22002897a 450000500170000000800410001704000250005804100080008304400070009110000350009824501710013326000840030430000480038850400570043652003280049354600490082165000650087065000670093565000530100265000550105570000390111070000350114970000410118477301230122594200160134899900170136420150723124334.0150723b2015 ck |||| r|||| 00| 0 spa d aCO-BoIAVHcCO-BoIAVH aspa ack1 aTejda Tovar, Candelaria93612510aAbsorción de Cromo Hexavalante en soluciones acuosas por casacaras de naranjab(Citrus sinensis) /cCalendaria Tejada Tovar, Edgar Quiñones Bolaños... [et. al.]3 aCaldas, Antioquía (Colombia):bCorporación Universitaria Lasallista,c2015. a Año 2015, Nro 1, Enero-Junio, Pag. 9-21. aIncluye referencias bibliográficas (Pág. 20-21). aEl cromo se encuentra en efluentes industriales principalmente como Cr (III) y (Cr (VI); este ultimo es altamente tóxico para todas las formas de vida, además de mutagénico y carcigénico en el hombre. El objetivo es estudiar la cáscara de naranja (Citrus sinesis) como absorvente de Cr (VI) en soluciones acuosas. aResumen también en inglés y portugués. 4aSustancias químicasvInvestigaciónxNaranja dulce936217 4aSustancias químicasvInvestigaciónxCitrus sinensis936218 4aNaranja DulcevInvestigaciónxCáscara936219 4aCitrus sinensisvInvestigaciónxCáscara9362201 aQuiñomes Bolaños, Edgar9361301 aTejada Benítez, Lesly9361311 aMarimón Bolívar, Wilfredo9361320 dCaldas (Antioquia) : Corporación Universitaria Lasallista, 2006- .o042058tProducción más limpia / x19090455 2zcARTICULO c17613d17613